000 00548nam a22001817a 4500
005 20251108165022.0
008 250721s1955 xx 000 0 ara d
082 1 4 _a927.8/سيد
100 1 _aالحفني، محمود أحمد
245 1 0 _aسيد درويش :
_bحياته و آثار عبقريته /
264 1 _aالقاهرة :
_bمكتبة مصر،
_c1955.
490 0 _aسلسلة أعلام العرب ؛ 7
650 1 7 _aالتراجم
650 1 7 _aالموسيقيون
650 1 7 _aمصر
942 _2ddc
_cBK
999 _c20050
_d20050